Football - Les 10 plus gros transferts (2024-2025) - Statistiques

Statistiques générales
  • Ce quiz a été pris 41 fois
  • Le résultat moyen est 6 sur 10
Statistiques - réponses
Rang Club Précédent Nouveau Club Montant Joueur % Correct
3 Manchester City Atletico Madrid 75 000 000 € Julian Alvarez
95%
1 Napoli Paris SG 80 000 000 € Khvicha Kvaratskhelia
92%
5 Benfica Paris SG 65 920 000 € Joao Neves
85%
4 Eintracht Francfort Manchester City 75 000 000 € Omar Marmoush
74%
2 Aston Villa Al Naasr 77 000 000 € John Duran
72%
9 Wolverhampton Chelsea 60 000 000 € Pedro Neto
59%
10 Aston Villa Al Ittihad 60 000 000 € Moussa Diaby
51%
6 Bournemouth Tottenham 64 300 000 € Dominic Solanke
46%
8 Porto Manchester City 60 000 000 € Nico Gonzalez
33%
7 Lille Manchester United 62 000 000 € Neymar
0%
Aucun quiz correspondant
Distribution des résultats
% des personnes avec chaque résultat
Percentile par nombre de réponses
Votre historique - résultats
Vous n’avez pas pris ce quiz